History Quiz

Random History Quiz
Score 0/66 Timer 04:00
0 Plays Today
Class Senator % Correct
Class 2Max Cleland (D)
82.1%
Class 2Saxby Chambliss (R)
82.1%
Class 2David Perdue (R)
82.1%
Class 3Johnny Isakson (R)
82.1%
Class 2Sam Nunn (D)
79.5%
Class 3Zell Miller (D)
79.5%
Class 3Herschel Vespasian Johnson (D)
71.8%
Class 3M. Hoke Smith (D)
71.8%
Class 2Richard Russell Jr. (D)
69.2%
Class 2Homer V.M. Miller (D)
66.7%
Class 3Paul Coverdell (R)
66.7%
Class 2George Jones (Democratic-Republican)
64.1%
Class 3Herman E. Talmadge (D)
64.1%
Class 2James Jackson (Ant-Administration)
56.4%
Class 3James Jackson (Democratic-Republican)
56.4%
Class 3Walter F. George (D)
56.4%
Class 3Wyche Fowler (D)
56.4%
Class 3Mack Mattingly (R)
48.7%
Class 3Joseph E. Brown (D)
46.2%
Class 2William H. Crawford (Democratic-Republican)
25.6%
Class 2John Pendleton King (D)
25.6%
Class 2Freeman Walker (Democratic-Republic)
23.1%
Class 2Robert Toombs (D)
23.1%
Class 3Thomas E. Watson (D)
23.1%
Class 3Rebecca Latimer Felton (D)
23.1%
Class 2William J. Harris (D)
20.5%
Class 2Benjamin Harvey Hill (D)
17.9%
Class 3Joshua Hill (R)
17.9%
Class 2Thomas Cobb (Jacksonian)
15.4%
Class 2William Few (Anti-Administration)
12.8%
Class 2George Walton (Federalist)
12.8%
Class 2Josiah Tattnall (Democratic-Republican)
12.8%
Class 2Abraham Baldwin (Democratic-Republican)
12.8%
Class Senator % Correct
Class 2William Bellinger Bulloch (Democratic-Republican)
12.8%
Class 2William Wyatt Bibb (Democratic-Republican)
12.8%
Class 2George Troup (Democratic-Republican)
12.8%
Class 2John Forsyth (Democratic-Republican)
12.8%
Class 2Nicholas Ware (Democratic-Republican)
12.8%
Class 2Oliver H. Prince (Jacksonian)
12.8%
Class 2George Troup (Jacksonian)
12.8%
Class 2Wilson Lumpkin (D)
12.8%
Class 2John M. Berrien (Whig)
12.8%
Class 2Robert M. Charlton (D)
12.8%
Class 2Thomas M. Norwood (D)
12.8%
Class 2Alfred H. Colquitt (D)
12.8%
Class 2Thomas W. Hardwick (D)
12.8%
Class 2John S. Cohen (D)
12.8%
Class 2David H. Gambrell (D)
12.8%
Class 3James Gunn (Federalist)
12.8%
Class 3John Milledge (Democratic-Republic)
12.8%
Class 3Charles Tait (Democratic-Republican)
12.8%
Class 3John Elliot (Democratic-Republican)
12.8%
Class 3John M. Berrien (Jacksonian)
12.8%
Class 3John Forsyth (Jacksonian)
12.8%
Class 3Alfred Cuthbert (D)
12.8%
Class 3Walter T. Colquitt (D)
12.8%
Class 3William Crosby Dawson (Whig)
12.8%
Class 3Alfred Iverson Sr. (D)
12.8%
Class 3John Brown Gordon (D)
12.8%
Class 3John Brown Gordon (D)
12.8%
Class 2Middleton P. Barrow (D)
10.3%
Class 2Patrick Walsh (D)
10.3%
Class 2Augustus Octavius Bacon (D)
10.3%
Class 2William S. West (D)
10.3%
Class 3Alexander S. Clay (D)
10.3%
Class 3Joseph M. Terrell (D)
10.3%
Come Together.
Have Fun.
All Virtual.
We all need to come together. Play Sporcle's virtual live trivia to have fun, connect with people, and get your trivia on. Join a live hosted trivia game for your favorite pub trivia experience done virtually. If a virtual private party is more your thing, go here for details.

You're not logged in!

Compare scores with friends on all Sporcle quizzes.
OR
Log In

Sporcle TV

Today on Sporcle TV


Watch our educational content, quiz creation guides, and fun videos on Sporcle TV.

Show Comments

Extras

Created Apr 9, 2018ReportNominate
Tags:Georgia (State), US Senate

Top Quizzes Today


Score Distribution

Paid Content

Your Account Isn't Verified!

In order to create a playlist on Sporcle, you need to verify the email address you used during registration. Go to your Sporcle Settings to finish the process.

Report this User

Report this user for behavior that violates our Community Guidelines.

Details: